| 000 | 00000nam 2200000zi 4500 |
| 001 | 9.943152 |
| 003 | CaOODSP |
| 005 | 20250107144100 |
| 006 | m o d f |
| 007 | cr cn||||||||| |
| 008 | 240912t20192019oncd obs f000 0 eng d |
| 040 | |aCaOODSP|beng|erda|cCaOODSP |
| 043 | |an-cn--- |
| 086 | 1 |aCS85-002/39-9E-PDF |
| 100 | 1 |aPerreault, Samuel, |eauthor. |
| 245 | 10|aPolice-reported crime in rural and urban areas in the Canadian provinces, 2017 / |cby Samuel Perreault. |
| 264 | 1|a[Ottawa] : |bStatistics Canada = Statistique Canada, |c2019. |
| 264 | 4|c©2019 |
| 300 | |a1 online resource (37 pages) : |bgraphs. |
| 336 | |atext|btxt|2rdacontent |
| 337 | |acomputer|bc|2rdamedia |
| 338 | |aonline resource|bcr|2rdacarrier |
| 490 | 1 |aJuristat, |x1209-6393 |
| 500 | |aCover title. |
| 500 | |a"Release date: May 7, 2019." |
| 500 | |aIssued also in French under title: Les crimes déclarés par la police en milieu rural et en milieu urbain dans les provinces canadiennes, 2017. |
| 504 | |aIncludes bibliographical references (pages 23-25). |
| 520 | |a"At the same time, the need for information on rural crime has increased, including detailed, up-to-date data that shed light on the nature and extent of crime and crime trends in rural areas. This Juristat article examines these issues using police-reported data from the Uniform Crime Reporting (UCR) Survey and the Homicide Survey, as well as self-reported data from the General Social Survey (GSS) on Canadians’ Safety (Victimization) in the Canadian provinces"--Page 4. |
| 650 | 0|aRural crimes|zCanada|vStatistics. |
| 650 | 0|aCriminal statistics|zCanada. |
| 655 | 7|aStatistics|2lcgft |
| 710 | 2 |aStatistics Canada, |eissuing body. |
| 775 | 08|tLes crimes déclarés par la police en milieu rural et en milieu urbain dans les provinces canadiennes, 2017 / |w(CaOODSP)9.943153 |
| 830 | #0|aJuristat,|x1209-6393|w(CaOODSP)9.936876 |
| 856 | 40|qPDF|s954 KB|uhttps://publications.gc.ca/collections/collection_2024/statcan/85-002-x/CS85-002-39-9-eng.pdf |
| 856 | 4 |qHTML|sN/A|uhttps://www150.statcan.gc.ca/n1/pub/85-002-x/2019001/article/00009-eng.htm |
| 986 | |a85-002-X |